El arte y el hombre

Kaydedildi:
Detaylı Bibliyografya
Yazar: Huyghe, René (Yazar)
Materyal Türü: Kitap
Dil:İspanyolca
Baskı/Yayın Bilgisi: Barcelona Planeta 1972
Edisyon:5a. ed
Konular:
Etiketler: Etiketle
Etiket eklenmemiş, İlk siz ekleyin!

MARC

LEADER 00000nam a2200000 a 4500
001 UCT3340
003 CL-VaPUC
008 961018e19720000SP |||||||||||||||||spa|d
082 0 4 |a 709  |b HUY  |2 21 
100 |a Huyghe, René  |e author  |9 567849 
245 1 3 |a El arte y el hombre 
250 |a 5a. ed 
300 |a 3 v 
942 |c BK 
945 |d 19961018 00:00:00  |a lriquelm 
260 |a Barcelona  |b Planeta  |c 1972 
650 0 |a Artes  |9 268202 
650 0 |a Historia  |9 255047 
650 7 |a POSRENACIMIENTO  |2 CL-VaPUC  |9 372272 
650 0 |a Barroco   |9 338027 
650 0 |a Romanticismo   |9 266698 
650 7 |a IMPRESIONISMO  |2 CL-VaPUC  |9 324638 
650 0 |a Realismo  |9 259117 
650 0 |a Arte moderno  |9 265333 
650 7 |a CLASICISMO  |2 CL-VaPUC  |9 268682 
583 |a last modification  |c 19961018 00:00:00  |k Rodrigo Vera 
999 |c 253029  |d 253027 
952 |0 0  |1 0  |4 0  |6 709_000000000000000_HUY_1972  |7 0  |8 X  |9 273408  |a BIBHIS  |b BIBHIS  |d 2019-11-19  |h v.1  |i 287900K  |o 709 HUY 1972  |p 287900K  |r 2024-01-30  |w 2019-11-19  |y BK_X  |k HIS